000
00212nam a22000857a 4500
008
170616b xxu||||| |||| 00| 0 eng d
100
_9
3459
_a
Kripalani. K
245
_a
Tagore a life
260
_a
New Delhi
_b
N. B. T
_c
2008
999
_c
6833
_d
6833